书目信息 |
| 题名: |
《矛盾论》讲稿
|
|
| 作者: | ;北京师范大学哲学系 编辑 | |
| 分册: | ||
| 出版信息: | 北京 北京师范大学哲学系 1975 |
|
| 页数: | 185页 | |
| 开本: | 19cm | |
| 丛书名: | ||
| 单 册: | ||
| 中图分类: | A841.24 , A841 | |
| 科图分类: | ||
| 主题词: | 毛泽东著作研究-矛盾论 , 毛泽东著作--学习 , 毛泽东著作研究 | |
| 电子资源: | ||
| ISBN: | ||
| 000 | 00827nam0 2200289 450 | |
| 001 | 0956052922 | |
| 005 | 20090928153850.42 | |
| 010 | @dCNY0.40 | |
| 100 | @a19970813d1975 em y0chiy0110 ea | |
| 101 | 0 | @achi |
| 102 | @aCN@b110000 | |
| 105 | @ay z 000yy | |
| 106 | @ar | |
| 200 | 1 | @a《矛盾论》讲稿@A《 mao dun lun 》 jiang gao@f北京师范大学哲学系编辑 |
| 210 | @a北京@c北京师范大学哲学系@d1975 | |
| 215 | @a185页@d19cm | |
| 300 | @a非正式出版物 | |
| 605 | @a矛盾论-毛泽东著作研究 | |
| 606 | 0 | @a毛泽东著作研究-矛盾论 |
| 606 | 0 | @a毛泽东著作@x学习 |
| 606 | 0 | @a毛泽东著作研究 |
| 690 | @aA841.24@v3 | |
| 690 | @aA841@v4 | |
| 711 | 02 | @a北京师范大学哲学系@Abei jing shi fan da xue zhe xue xi@4编辑 |
| 801 | 0 | @aCN@b广东省中山图书馆@c19970813 |
| 801 | 2 | @aCN@bNLC |
| 905 | @a10447@dA841@eJY13 | |
| 《矛盾论》讲稿/北京师范大学哲学系编辑 .-北京:北京师范大学哲学系,1975 |
| 185页;19cm |
| 非正式出版物 |
| ISBN :CNY0.40 |
| ● |
| 相关链接 |
|
|
|
|
正题名:《矛盾论》讲稿
索取号:A841/JY13
 
预约/预借
| 序号 | 登录号 | 条形码 | 馆藏地/架位号 | 状态 | 备注 |
| 1 | 7804913 | 278049130 | 学院路分馆/ [索取号:A841/JY13] | 在馆 | |
| 2 | 7804914 | 278049149 | 学院路分馆/ [索取号:A841/JY13] | 在馆 | |
| 3 | 7804915 | 278049158 | 学院路分馆/ [索取号:A841/JY13] | 在馆 | |
| 4 | 7804916 | 278049167 | 学院路分馆/ [索取号:A841/JY13] | 在馆 | |
| 5 | 7804917 | 278049176 | 学院路分馆/ [索取号:A841/JY13] | 在馆 |